Kompozitné materiály

Bibliographic Details
Main Author: Havalda, Andrej, 1930-2010 (Author)
Format: Book
Language:Slovak
PhysicalDescription:196 s., 11,50 AH Tb. Sch. 29 cm
Published: Bratislava Slovenská vysoká škola technická 1989
ISBN:8022700002
Edition:1. vyd.
Subjects:

MARC

LEADER 00000cam a2200000 a 4500
001 vtls001080862
003 SK-MaSNL
005 20260302064024.0
008 250225s1989 xo 001 u slo
015 |a SNBA1989/05 
020 |a 8022700002  |c 11,50 Kčs. 
035 |a SNK000023699 
035 |a urn:nbn:sk:snk-amlhv0 
035 |a urn:nbn:sk:snk-am00bo02 
035 |a 193AB718-D720-4FBC-9077-699080E5D32C 
040 |a SNK  |b slo  |c SNK  |e AACR2 
041 0 |a slo 
044 |a xo  |c SK 
080 |a 669.018(075.8)  |2 1981 
100 1 |a Havalda, Andrej,  |d 1930-2010  |4 aut  |9 37286 
245 1 0 |a Kompozitné materiály  |c Andrej Havalda 
250 |a 1. vyd. 
260 |a Bratislava  |b Slovenská vysoká škola technická  |c 1989  |e Bratislava  |f Edičné stredisko SVŠT 
300 |a 196 s., 11,50 AH  |b Tb. Sch.  |c 29 cm 
366 |e 100 výtl. 
500 |a Lit. 8. Schválil rektor SVŠT v Bratislave ako skriptá. 8 zázn. v slov., ruš. a angl. 
650 0 7 |a kompozitné materiály  |2 SNK  |9 69522 
655 7 |a učebnice vysokých škôl  |2 SNKPH  |9 70191 
655 7 |a Textbooks (higher)  |2 SNKPHeng  |9 276436 
919 |a 80-227-0000-2 
958 |a EUIPO 
958 |a OND 
958 0 7 |a NB 
958 0 7 |a RM 
958 0 7 |a UV 
999 |c 1135331  |d 1137261 
952 |t P60, <04>, [BOOK], {604}  |a SNK  |b SNK  |y VYP  |7 0  |p 17A0154423  |o snkSB 44879 D1  |0 0  |1 0  |4 0  |d 1998-08-10  |l 0  |r 2004-12-31 00:00:00  |w 2026-02-24 
952 |t P60, <04>, [BOOK], {604}  |a SNK  |b SNK  |y VYP  |7 0  |p 17A0347617  |o snkSB 44879 D2  |i snkKSP 7463/2002  |0 0  |1 0  |4 0  |d 2002-06-11  |l 0  |r 2004-12-31 00:00:00  |w 2026-02-24 
952 |a SNK  |b SNK  |y PREZ  |7 0  |p 17A0853126  |o snkSB 44879   |0 0  |1 0  |4 0  |d 2012-07-09  |f 1  |l 0  |r 2026-02-24 19:16:59  |w 2026-02-24